Histoire - Les villes et sites fortifiés par Vauban - Statistiques

Statistiques générales
  • Ce quiz a été pris 101 fois
  • Le résultat moyen est 44 sur 146
Statistiques - réponses
Département
ou pays
Initiale Indice Commune % Correct
17 LR La Rochelle
73%
59 L Citadelle Lille
73%
13 M Marseille
73%
54 T Toul
73%
06 N Nice
72%
25 B Besançon
67%
29 B Brest
67%
02 SQ Saint-Quentin
67%
90 B Belfort
66%
Luxembourg L Luxembourg
66%
57 M Metz
63%
83 T Toulon
61%
59 D Dunkerque
60%
54 N Nancy
60%
67 S Strasbourg
60%
62 C Citadelle Calais
58%
35 SM Forts Saint-Malo
57%
38 G Grenoble
55%
08 S Sedan
55%
05 B Briançon
54%
62 A Arras
52%
66 P Perpignan
52%
08 CM Charleville-Mézières
51%
30 N Nîmes
51%
17 R Rochefort
49%
57 T Thionville
49%
59 V Citadelle Valenciennes
48%
30 A Alès
45%
06 A Antibes
45%
33 B Citadelle Blaye
45%
06 C Cannes
45%
76 D Dieppe
45%
39 D Dôle
45%
Pays-Bas M Maastricht
45%
64 B Bayonne
43%
Belgique Y Ypres
43%
80 A Abbeville
42%
62 B Béthune
42%
Belgique N Namur
42%
59 D Douai
40%
64 SJDL Fort Saint-Jean-de-Luz
40%
64 SJPDP Saint-Jean-Pied-de-Port
40%
62 SO Saint-Omer
40%
Belgique C Charleroi
37%
13 M Fort Martigues
37%
34 S Sète
37%
59 M Maubeuge
36%
17 SMDR Saint-Martin-de-Ré
36%
83 ST Saint-Tropez
36%
Belgique T Tournai
36%
59 C Cambrai
34%
Belgique M Mons
34%
29 C Concarneau
33%
80 P Péronne
33%
04 S Sisteron
33%
29 O Phare Ouessant
31%
67 S Sélestat
31%
05 E Embrun
30%
17 F Forts Fouras
30%
54 L Longwy
30%
68 NB Neuf-Brisach
30%
06 SPDV Saint-Paul-de-Vence
30%
59 ASH Avesnes-sur-Helpe
28%
50 CO Cherbourg-Octeville
28%
66 C Collioure
28%
08 G Givet
28%
05 MD Mont-Dauphin
28%
57 B Bitche
27%
50 SVLH Saint-Vaast-la-Hougue
27%
66 VDC Villefranche-de-Conflent
25%
Belgique C Courtrai
24%
02 G Guise
24%
59 LQ Le Quesnoy
24%
30 PSE Pont-Saint-Esprit
24%
66 PV Port-Vendres
24%
08 R Rocroi
24%
06 VSM Villefranche-sur-Mer
24%
59 G Gravelines
22%
66 ML Mont-Louis
22%
62 ASLL Aire-sur-la-Lys
21%
66 ALB Amélie-les-Bains
21%
21 A Auxonne
21%
29 CSM Fort Camaret-sur-Mer
21%
04 E Entrevaux
21%
67 FL Fort-Louis
21%
17 IDA Forts Ile-d'Aix
21%
17 LIDY Fort L'ïle-d'Yeu
19%
55 M Montmédy
19%
57 P Phalsbourg
19%
56 PL Port-Louis
19%
59 B Bergues
18%
17 B Brouage
18%
04 CLA Colmars-les-Alpes
18%
59 CSE Condé-sur-Escaut
18%
Allemagne FEB Fribourg-en-Brisgau
18%
62 M Montreuil-sur-Mer
18%
64 N Navarrenx
18%
04 SVLF Fort Saint-Vincent-les-Forts
18%
39 SLB Salins-les-Bains
18%
Allemagne S Sarrelouis
18%
04 SLA Seyne-les-Alpes
18%
Italie F Fenestrelle
16%
Belgique F Furnes
16%
Allemagne K Kehl
16%
Allemagne L Landau
16%
Allemagne MR Mont-Royal
16%
Belgique P Philippeville
16%
Allemagne P Philippsburg
16%
Italie P Pignerol
16%
30 SHDF Saint-Hippolyte-du-Fort
16%
17 SNSC Fort Saint-Nazaire-sur-Charente
16%
Allemagne VB Vieux-Brisach
16%
Belgique A Ath
15%
17 CDO Château-d'Oléron
15%
05 CVV Château-Ville-Vieille
15%
68 H Huningue
15%
17 PDB Port-des-Barques
15%
66 PDMLP Fort Prats-de-Mollo-La-Preste
15%
04 USP Ubaye-Serre-Ponçon
15%
62 B Bapaume
13%
25 B Blamont
13%
59 B Bouchain
13%
Belgique B Bouillon
13%
29 C Carantec
13%
Italie E Exilles
13%
06 G Château Guillaumes
13%
56 H Houat
13%
57 M Marsal
13%
Belgique N Nieuport
13%
22 P Plévenon
13%
Belgique D Dixmude
12%
56 H Hoedic
12%
59 LB La Bassée
12%
56 LP Le Palais
12%
62 A Ambleteuse
10%
59 B Bourbourg
10%
59 L Landrecies
10%
Belgique M Menin
10%
33 CFM Fort Cussac-Fort-Médoc
9%
25 LCEM La-Cluse-et-Mijoux
9%
29 L Fort Landéda
9%
14 PEBH Port-en-Bessin-Huppain
9%
68 L Château Leymen
7%
17 BLC Fort Bourcefranc-le-Chapus
6%
66 P Perthus
6%
66 SLC Salses-le-Château
6%
Aucun quiz correspondant
Distribution des résultats
% des personnes avec chaque résultat
Percentile par nombre de réponses
Votre historique - résultats
Vous n’avez pas pris ce quiz